000 01065nam a2200301 a 4500
001 42239
003 BD-RjUL
005 20211209053518.0
008 160611s1983 cou b 00100 eng
020 _a0865317054
020 _a0865317046
035 _a(BD-RjUL)42357
035 _a1017867
040 _aANL
_beng
_dANL
_cBD-RjUL
041 _aeng
082 0 0 _a327.7308
_219
_bFOR 1983
245 0 0 _aForeign policy on Latin America, 1970-1980 /
_cedited by the staff of Foreign policy.
260 _aBoulder, Colo. :
_bWestview Press ;
_aWashington, D.C. :
_bCarnegie Endowment,
_c1983.
300 _avii, 184 p. ;
_c26 cm.
504 _aIncludes bibliographical references and index.
651 0 _aLatin America
_xForeign relations
_zUnited States.
_9129776
651 0 _aUnited States
_xForeign relations
_zLatin America.
_9129775
651 0 _aUnited States
_xForeign relations
_y1974-1977.
_9129875
651 0 _aUnited States
_xForeign relations
_y1977-1981.
_9129740
730 1 _aForeign policy.
_9129904
942 _2ddc
_cBK
999 _c42239
_d42239